Сильные и слабые стороны Интернет-аукциона Ebay; Научные труды Вольного экономического общества России; Т. 189

Dettagli Bibliografici
Parent link:Научные труды Вольного экономического общества России.— , 1761-
Т. 189.— 2014.— [P. 400-407]
Autore principale: Иванисенко Е. С. Екатерина Сергеевна
Ente Autore: Национальный исследовательский Томский политехнический университет (ТПУ) Институт социально-гуманитарных технологий (ИСГТ) Кафедра менеджмента (МЕН)
Altri autori: Краковецкая И. В. Инна Валентиновна
Riassunto:Заглавие с экрана
В статье на примере интернет-аукциона показано развитие маркетинга. Указывается на преимущество и недостатки этой компании. Формулируются важные проблемы для развития компании. Проводится анализ на примере отзывов покупателей, указываются преимущества и недостатки. В заключение формулируется общий вывод, сделанный на основе решений маркетологов.
In this paper examples online auction shows development of marketing. Indicated on the advantages and disadvantages of this company. Formulated important problems for the company. The analysis on the example of buyer reviews, indicate the advantages and disadvantages. In conclusion, formulated a general conclusion on the basis of decisions marketers.
Режим доступа: по договору с организацией-держателем ресурса
Lingua:russo
Pubblicazione: 2014
Serie:Информационные технологии и интернет-маркетинг
Soggetti:
Accesso online:https://elibrary.ru/item.asp?id=28283555
Natura: MixedMaterials Elettronico Capitolo di libro
KOHA link:https://koha.lib.tpu.ru/cgi-bin/koha/opac-detail.pl?biblionumber=656618

MARC

LEADER 00000naa0a2200000 4500
001 656618
005 20250404141355.0
035 |a (RuTPU)RU\TPU\network\23059 
035 |a RU\TPU\network\20074 
090 |a 656618 
100 |a 20171123d2014 k||y0rusy50 ca 
101 0 |a rus 
135 |a drcn ---uucaa 
181 0 |a i  
182 0 |a b 
200 1 |a Сильные и слабые стороны Интернет-аукциона Ebay  |d Strengths and weaknesses of the online auction Ebay  |f Е. С. Иванисенко, И. В. Краковецкая 
203 |a Текст  |c электронный 
225 1 |a Информационные технологии и интернет-маркетинг 
300 |a Заглавие с экрана 
320 |a [Библиогр.: с. 502-503 (9 назв.)] 
330 |a В статье на примере интернет-аукциона показано развитие маркетинга. Указывается на преимущество и недостатки этой компании. Формулируются важные проблемы для развития компании. Проводится анализ на примере отзывов покупателей, указываются преимущества и недостатки. В заключение формулируется общий вывод, сделанный на основе решений маркетологов. 
330 |a In this paper examples online auction shows development of marketing. Indicated on the advantages and disadvantages of this company. Formulated important problems for the company. The analysis on the example of buyer reviews, indicate the advantages and disadvantages. In conclusion, formulated a general conclusion on the basis of decisions marketers. 
333 |a Режим доступа: по договору с организацией-держателем ресурса 
461 |t Научные труды Вольного экономического общества России  |d 1761- 
463 |t Т. 189  |v [P. 400-407]  |d 2014 
510 1 |a Strengths and weaknesses of the online auction Ebay  |z eng 
610 1 |a электронный ресурс 
610 1 |a труды учёных ТПУ 
610 1 |a маркетинг 
610 1 |a интернет-аукцион 
610 1 |a информация 
610 1 |a торги 
610 1 |a анализ 
610 1 |a отзывы 
610 1 |a eBay 
700 1 |a Иванисенко  |b Е. С.  |g Екатерина Сергеевна 
701 1 |a Краковецкая  |b И. В.  |c экономист  |c доцент Томского политехнического университета, кандидат экономических наук  |f 1968-  |g Инна Валентиновна  |3 (RuTPU)RU\TPU\pers\31512 
712 0 2 |a Национальный исследовательский Томский политехнический университет (ТПУ)  |b Институт социально-гуманитарных технологий (ИСГТ)  |b Кафедра менеджмента (МЕН)  |3 (RuTPU)RU\TPU\col\18855 
801 2 |a RU  |b 63413507  |c 20171123  |g RCR 
856 4 |u https://elibrary.ru/item.asp?id=28283555 
942 |c CF